000
00291nam a22001337a 4500
008
170407b xxu||||| |||| 00| 0 eng d
020
_a
x0001uetn9
041
_a
eng
080
_2
4TH
_a
616
100
_a
9
101
_a
SHM
245
_a
PATHOPHYSIOLOGY
_c
COPSTEAD, L.E.C
942
_2
udc
_c
BK
999
_c
10152
_d
10152